| 000 | 00813nam a2200241Ia 4500 | ||
|---|---|---|---|
| 003 | OSt | ||
| 005 | 20250827141134.0 | ||
| 008 | 220922b |||||||| |||| 00| 0 hin d | ||
| 037 | _cTB | ||
| 040 |
_aARTS _cARTS _bhin |
||
| 041 |
_2hin _ahin |
||
| 084 |
_aO152,3N14,JS K3 _qAL |
||
| 100 |
_aयशपाल _9819033 |
||
| 245 | 0 |
_aझूठा सच _b देश का भविष्य |
|
| 246 | _aZūṭhā sacha: desh kā bhaviṣhya | ||
| 250 | _aसंस्क0 5 | ||
| 260 |
_aलखनऊ _b विप्लव प्रका0 _c1963 |
||
| 300 |
_a482पृ. _ccm. |
||
| 490 | _aविप्लव प्रकाशन; 33 | ||
| 650 |
_aहिन्दी साहित्य _9156264 |
||
| 942 |
_hO152,3N14,JS K3 _cTB _2CC _n0 |
||
| 999 |
_c325363 _d325363 |
||